[Event "Match 72__120'/40"]
[Site "Zurich"]
[Date "2022.??.??"]
[Round "3"]
[White "CXG Sphinx Legend"]
[Black "Mephisto MM II"]
[Result "1-0"]
[WhiteElo "1816"]
[BlackElo "1815"]
[Annotator "KUT"]
[PlyCount "130"]
[EventDate "2022.??.??"]

{[%evp 0,119,40,20,20,-16,37,44,47,46,42,37,41,39,62,43,69,35,43,50,79,50,71,77,117,129,129,78,148,137,137,132,135,154,143,134,152,142,149,140,195,174,196,161,161,94,148,141,168,101,156,144,150,147,147,126,196,213,199,216,231,230,238,201,214,225,224,227,224,218,226,218,336,140,344,411,385,792,755,956,975,989,1030,402,397,397,408,412,413,336,350,357,361,391,394,385,394,419,542,567,590,596,747,612,660,692,760,553,571,588,586,639,672,688,955,1007,1196,1196,1248,1288,1288,1319]} 1. d4 {[%mdl 1]} d5 {Match 120'/40 | Bediener: Rolf Bühler | 3. Partie: Weiss (CXG) gewinnt | Zwischenstand: 1,5-1,5 unentschieden | In einer durch die CXG Sphinx Legend hervorragend geführten Partie - die beste, die ich von diesem Programm je gesehen habe - werden die positionellen Ungereimtheiten des Mephisto MM II aufgedeckt. Nach der Eröffnung, Halb-Slawisch, Meraner Verteidigung, hat Weiss spürbaren Entwicklungsvorsprung. Schwarz gerät in eine gedrückte Stellung und kann sich nie befreien. Weiss bringt seine Figuren in die besten Stellungen. Und der Gegner wird dann gar unter Zuhilfenahme von taktischen Mitteln wie von einer Python-Schlange richtiggehend erwürgt. Ein lehrreiches Paradebeispiel, das aufzeigt, dass selbst so genannt schwächere Programme wie die CXG Sphinx Legend zu aussergewöhnlichen Leistungen fähig sind. Programmautor Gyula Horvath wäre sicher stolz auf diese Partie.} 2. c4 c6 3. Nf3 e6 {***ENDE BUCH***} 4. e3 Nf6 5. Nc3 Nbd7 6. Bd3 dxc4 7. Bxc4 {***ENDE BUCH***} Bb4 {Zu diesem normal aussehenden Entwicklungszug habe ich keine einzige Partie gefunden. Der Läufer steht hier insofern nicht optimal, als ein Tausch auf c3 wenig empfehlenswert wäre, so dass auf a3 - ein erstrebenswerter weisser Zug - der Läufer durch den Rückzug ein Tempo verlieren müsste.} (7... b5 8. Bd3 b4 9. Ne4 Nxe4 10. Bxe4 Bb7 11. O-O Be7 12. Nd2 {so würde ein sehr starkes, privates Stockfish Derivat spielen und damit auf bekannten Pfaden treten, z.B.} O-O 13. b3 Nf6 14. Bf3 Nd5 15. Bb2 c5 16. Ne4 Ba6 17. Be2 Bxe2 18. Qxe2 cxd4 19. Bxd4 f5 20. Nc5 Qd6 21. Rac1 e5 22. Bb2 Rac8 23. Nd3 Nc3 24. Bxc3 bxc3 25. Rfd1 Qa6 26. Qc2 Ba3 27. Rb1 Bd6 28. Ne1 Qc6 29. Qe2 f4 30. Nc2 fxe3 31. fxe3 e4 32. Qh5 Rcd8 33. Nd4 Qb6 34. Qd5+ Kh8 35. Qxe4 Rde8 36. Qd3 Qc5 37. Rf1 Qe5 38. Rxf8+ Rxf8 39. g3 h5 40. Qxc3 h4 41. Rf1 hxg3 42. Rxf8+ Bxf8 43. Qd2 Bb4 44. Qe2 Bc5 45. Nc2 g6 46. hxg3 Qxg3+ 47. Kf1 Kg7 48. Qg2 Qe5 49. Ke2 Qb2 50. Qb7+ Kh6 51. Qh1+ Kg7 52. Qe4 Bb6 53. Kf3 Qxa2 54. Qe7+ Kh6 55. Qf8+ Kh7 56. Qf7+ Kh6 57. Qf8+ Kh7 58. Qf7+ Kh6 59. Qf8+ {½-½ (59) Jussupow,A (2605)-Romanov,E (2520) Dresden 2007}) 8. a3 Bxc3+ {Nun also doch der Tausch, was das weisse Zentrum stärkt und dem Turm die halboffene b-Linie einräumt. Weiss kommt nun automatisch besser zu stehen.} 9. bxc3 Qa5 {Angriff auf den c3-Bauern, das ist OK, zumal die Dame die schwarzen Vorstösse ...c5 oder ...e5 unterstützen kann.} 10. Bb2 Nb6 $6 {?! Ein typisches Computermanöver aus der guten alten Zeit; man spielt von Zug zu Zug und kann eine Figur angreifen, die problemlos guten Plätze findet, während der Springer auf b6 einfach schlecht steht. Dabei gab es mit 10...0-0 oder 10...e5 gute Alternativen.} 11. Bb3 {Der beste Rückzug, was auch ...Sa4 verhindert.} Qb5 $2 {Zwar stand Weiss schon klar besser. Aber dieses Manöver der Dame, im Bestreben, die weisse Rochade zu verhindern, schlägt böse auf den Erfinder zurück, will heissen, dass die schwarze Stellung sich massgebliche verschlechtert.} 12. a4 $1 Qa6 13. Ne5 {Nicht übel, aber zwei Alternativen sind gar wesentlich stärker:} (13. Bc2 $1 $18 c5 14. Bd3 c4 15. Bc2 Bd7) (13. Nd2 $1 $18 c5 14. c4 cxd4 15. exd4) {[#]} 13... Nbd5 $2 {Diese erneute Ungenauigkeit führt zu einer hoffnungslosen Stellung für Schwarz. Die starke Position des weissen Se5 hätte mit 13...Sbd7 bekämpft werden sollen.} 14. Bc4 {Auch OK, aber es geht noch besser. Die für die CXG Sphinx Legend nie und nimmer erkennbare Gewinnvariante eines starken Stockfish Derivats mit einer Bewertung von +-(5.44) sieht wie folgt aus:} (14. Ba3 Nd7 15. Nc4 c5 16. e4 Ne7 17. dxc5 O-O 18. c6 Nxc6 19. Bxf8 Nxf8 20. a5 $18) 14... Qb6 15. Qc2 O-O 16. Ba3 Rd8 17. O-O {Weiss ist vollständig entwickelt und seine Figuren stehen aktiv. Demgegenüber hinterlässt die schwarze unterentwickelte Stellung mit den passiv stehenden Figuren Ta8 und Lc8 einen traurigen Eindruck.} Nd7 18. Nxd7 {Die Besetzung des Zentrums durch 18.e4 war noch kräftiger.} Rxd7 19. e4 Nf4 20. g3 Ng6 21. e5 Qc7 22. Rfd1 {Noch genauer 22.Ld3 oder 22.De4 oder 22.Ld6 usw.} b6 23. Bd6 {Ein lästiger Läufer.} Qd8 ({Mit} 23... Rxd6 24. exd6 Qxd6 {wäre Schwarz kaum schlechter gefahren.}) 24. Bf1 {Eine gute Idee, diesen Läufer auf die Diagonale h1-a8 zu bringen.} a6 25. Rab1 Bb7 26. Qb3 b5 27. c4 $1 {Ein starke Fortsetzung, die das schwarze Bauerngefüge am Damenflügel zerrüttet.} bxa4 $6 {Aus Sicht von Schwarz verständlich, erleichtert jedoch die weisse Aufgabe wegen der geöffneten b-Linie. Ein Versuch wert war 27...Db6, um die Bauern zusammenzuhalten. Zwar steht Schwarz nach 28.c5 grottenschlecht, doch bliebe die Stellung am Damenflügel starr und geschlossen. Und in solchen Positionen tun sich unsere Oldies bekanntlich äusserst schwer, Fortschritte zu machen.} 28. Qxa4 Ne7 29. Bg2 Rc8 30. Be4 Nf5 31. Bxf5 exf5 32. Rb2 Ra8 33. Rdb1 Qc8 34. Qa5 {Die CXG Sphinx Legend hat eine positionelle Traumstellung aufgebaut. Es fragt sich nur, was und ob sie etwas daraus machen kann. Denn Schwarz ist ja absolut hilflos und ohne Gegenspiel.} Ra7 35. Qc5 Qa8 {[#]} 36. d5 $1 {Ein hübscher Vorstoss, den ich dem ungarischen Programm nicht zugetraut hätte. Der d5-Bauer ist nur zweifach geschützt, aber dreifach angegriffen. Trotzdem darf Schwarz den Bauern wegen der Schwäche seiner Grundreihe nicht erobern, denn Tb8+ wäre am Ende tödlich.} cxd5 37. cxd5 g6 (37... Bxd5 $4 38. Rb8+ Rd8 39. Qxa7 $1 $18) 38. e6 $1 {Erneut findet Weiss die beste Fortsetzung.} fxe6 39. dxe6 Rd8 40. e7 {Die CXG Sphinx Legend ist in ihrem Element.} Rc8 41. Rxb7 $1 {Nun greift Weiss gar noch zu taktischen Mitteln. Es tut dem weissen Spiel keinen Abbruch, dass 41.De5! gar noch wesentlich stärker war.} Rxc5 {Das ist erstaunlicherweise erzwungen.} (41... Rxb7 42. Qd5+ Kg7 43. Rxb7 {war wohl die weisse Absicht.}) 42. Rxa7 Rc8 {Wiederum erzwungen.} (42... Qxa7 43. e8=Q+ Kg7 44. Qf8#) 43. Rxa8 Rxa8 {Die CXG Sphinx Legend hat eine Figur erobert und besitzt einen tödlichen Freibauern auf e7. Und für einmal lässt sich das Programm von Gyula Horvath den Sieg nicht mehr nehmen. Der Rest ist ohne weitere Erklärungen verständlich.} 44. Kg2 Kf7 45. Ra1 a5 46. Ra4 Ra6 47. Bb4 Ke8 48. Bc5 h5 49. Kf3 Ra8 50. Kf4 Ra6 51. f3 Ra8 52. Kg5 Kf7 53. g4 hxg4 54. fxg4 Rc8 55. Rxa5 fxg4 56. Kxg4 Rh8 57. Ra4 Re8 58. Rf4+ Ke6 59. Kg5 Rc8 60. Kxg6 Rg8+ 61. Kh6 Re8 62. Rf8 Rxe7 63. Bxe7 Kxe7 64. Kg7 Ke6 65. h4 Ke5 {***AUFGEGEBEN***} 1-0

[Event "Match 72__120'/40"]
[Site "Zurich"]
[Date "2022.??.??"]
[Round "5"]
[White "CXG Sphinx Legend"]
[Black "Mephisto MM II"]
[Result "1-0"]
[WhiteElo "1816"]
[BlackElo "1815"]
[Annotator "KUT"]
[PlyCount "124"]
[EventDate "2022.??.??"]

{[%evp 0,124,19,-12,30,25,19,24,16,28,15,17,12,18,15,14,2,20,18,5,36,33,35,-15,-16,-10,-16,-21,23,-26,-24,-21,-28,-96,-85,-92,-47,-119,-13,-27,-22,-38,-20,-13,4,4,81,113,128,90,134,132,131,147,127,73,79,74,74,68,106,111,105,96,96,115,161,170,154,177,203,202,217,210,230,231,238,239,256,256,273,285,303,298,303,293,353,357,376,393,401,407,423,446,462,455,704,557,557,567,784,835,840,915,922,952,952,994,994,1004,1024,1966,1044,1753,1926,1032,1916,1784,1956,29932,28233,29970,29971,29972,29973,29974,29975]} 1. c4 c6 {Match 72__120'/40 | Bediener: Rolf Bühler | 5. Partie: Weiss (CXG) gewinnt | Zwischenstand: 3,0-2,0 (60%) für die CXG Sphinx Legend | In der Abtausch-Variante der Slawischen Verteidigung hätte Weiss (CGX) frühzeitig die klare Führung übernehmen können. Stattdessen war im Mittelspiel das Umgekehrte möglich. Aber Schwarz (MM II) packt seine Chance nicht. Stattdessen begeht der MM II durch 22...Dxb6 einen schlimmen Fehler, der dem Gegner einen tödlichen Freibauern auf der b-Linie und später den Sieg beschert. Dann habe ich mir wieder einmal die Mühe gemacht, unter CB-Emu das Verhalten des Mephisto MM II bevor und nach dem fehlerhaften 22...Dxb6 näher unter die Lupe zu nehmen. Und wenn man da sieht, welch läppischen Suchtiefen erreicht werden nach jeweils ca. 10 Min. Bedenkzeit - gar nicht zu reden von kürzeren Bedenkzeiten - dann kann man nur staunen, dass unsere Lieblinge trotz all ihrer Mängel in der Lage sind, ein derart gutes Schach abzuliefern.} 2. d4 d5 3. cxd5 cxd5 4. Nc3 Nc6 5. Nf3 Nf6 6. Bf4 Bf5 7. e3 e6 {***ENDE BUCH***} 8. Ne5 {***ENDE BUCH***} Bb4 {Weiss hat einen gesunden, aber mit 8.Se5 harmlosen Aufbau gewählt. Der bekannte und einfachste Weg zum Ausgleich besteht nun im Springertausch.} (8... Nxe5 $1 9. Bxe5 Nd7 10. Bg3 a6 $11) 9. Bb5 Qa5 {Dieses aggressive Damenmanöver hat keinen guten Ruf. Die Statistik gibt eine Gewinnquote von 65% bis 67% für Weiss. Davon weiss der Mephisto MM II natürlich nichts.} 10. Bxc6+ (10. O-O Bxc3 11. Bxc6+ bxc6 12. bxc3 O-O {ist nur Zugumstellung.}) 10... bxc6 11. Qb3 $6 {Weiss vergibt einen möglichen Vorteil.} (11. O-O Bxc3 12. bxc3 O-O 13. g4 Bg6 14. h4 $16 {und Weiss steht besser.}) 11... Rc8 {Aktiver war ...c5.} 12. a3 Bxc3+ 13. bxc3 Nh5 {Will dem Gegner auf f4 einen Doppelbauer anhängen. Weiss sollte nun mit 14.g4 aktiv agieren, um nicht gar leicht ins Hintertreffen zu geraten.} (13... Qa6 {war wohl am besten.}) 14. O-O (14. g4 Nxf4 15. gxf5 f6 16. exf4 fxe5 17. fxe5 O-O $1 $11) 14... Nxf4 15. exf4 O-O {Schwarz hat mindestens gleiches Spiel erreicht.} 16. Qb4 {Nur zu gerne würde Weiss auf b4 die Damen tauschen.} Qc7 $1 ({WICHTIG: Aber ja nicht} 16... Qxb4 $2 {Denn freiwillig lässt man sich die Bauernstruktur nicht schwächen. Entweder wird der a7-Bauer rückständig und schwach oder der c6-Bauer.} 17. axb4 {Selbst das Schlagen mit dem anderen Bauer kommt in Frage.} Rc7 18. Ra5 h5 19. Rfa1 f6 20. Nf3 Ra8 21. Ne1 $16 {und Weiss steht deutlich besser}) 17. g4 Bc2 $6 {Geht an einer starken Fortsetzung mit 17...a5 vorbei.} (17... a5 18. Qc5 Bc2 19. Rfc1 Bb3 20. Re1 f6 21. Nd3 Bc4 $17 {mit spürbarem Vorteil für Schwarz.}) {[#]} 18. Ra2 $2 {Ein taktischer Fehler - richtig 18.Db2 - was beide Programme vermutlich jedoch nicht erkennen, wohl infolge der falschen Einschätzung der Antwort 18...Tb8 wie die Prüfung mit CB-Emu ergibt.} Be4 $2 (18... Rb8 $1 {und die Dame hat nur einen Zug} 19. Rxc2 {Das wäre bis zu den geprüften 10 Min die Zugwahl des Mephisto MM II mit folgender Variante} (19. Qc5 $2 {kommt nach der folgenden stillen Antwort in arge Nöte} Ba4 $1 {denn nun droht einfach ...f6, der Springer muss weg und dann ...Tb5 und futsch ist die Dame.} 20. f5 f6 21. Nd3 Rb5 $19) 19... Rxb4 20. cxb4 f6 21. Nd3 {und das Programm von Ulf Rathsman sieht sich bei ST 08 mit -0.94 etwas schlechter. Auch wenn die Engines diese Einschätzung nicht teilen können und entscheidenden Vorteil für Schwarz deklarieren, wäre im Kampf der beiden Kontrahenten noch gar nichts klar.}) 19. f3 Bg6 20. Re2 c5 {Spielbar, aber mit gewissen Gefahren verbunden, die dem Schwarzen schliesslich zum Verhängnis werden.} 21. dxc5 a5 {Kein Fehler, aber einfach 21...Tfe8 und dann fällt der weisse c-Bauer.} (21... Rfe8 22. c4 dxc4 23. Qxc4 Qxc5+ 24. Qxc5 Rxc5 $11) 22. Qb6 {[#]} Qxb6 $2 {Schwarz sieht gemäss meinem Test unter CB-Emu keine Gefahren bei diesem Verlustzug. Nach rund 10 Min zeigt Mephisto MM II, ST 09, mit positiver (??) Bewertung 0.33 und der Variante 23.cxb6 Txc3 24.f5 exf5. Die immense Stärke des weissen Freibauern wird nicht erkannt.} (22... Rfe8 23. Rd1 Qxc5+ 24. Qxc5 Rxc5 $11 {ausgeglichen}) 23. cxb6 Rxc3 {Inzwischen, nach 10 Min bei ST 08, ist die Bewertung des Mephisto MM II auf -0.88 gesunken mit der Variante 24.Tb2 a4, 25.b7 Tb3. Das Programm hat also noch keine Ahnung, dass 24.Tb2 (nebst 24.f5) ein Gewinnzug ist.} 24. f5 $1 {Fast gleichwertig stark wie 24.Tb2. Schliesst die Diagonale des Lg6, so dass ...Ld3 nicht mehr möglich ist.} exf5 {Jetzt hat sich die Bewertung des Mephisto MM II nach 10 Min bei ST 09 gar wieder verbessert auf -0.22, wobei die nächsten zwei Züge der Hauptvariante entsprechen.} 25. Nd7 Rd8 {Nach rund 10 Min bei ST 08 "schläft" der Mephisto MM II mit bescheidenen -0.66 noch immer in Erwartung von b7 Tb3, Tfe1 f6.} 26. b7 Rb3 {Schon wieder einen Zug näher zur Niederlage zeigt der Mephisto MM II nach 10 Min bei ST 08 unverändert eine Bewertung von -0.66 mit der berechneten Variante Tfe1! f6, b8D Tbb8.} 27. b8=R {Wie gesagt: Stärker ist 27.Tfe1 oder auch 27.Sc5. Und unverständlich bleibt, weshalb die CXG Sphinx Legend in einen Turm umwandelt.} Rbxb8 {Mephisto MM II, -0.22, ST 09, nach 11 Min, Variante Sxb8 Txb8, g5 a4.} 28. Nxb8 Rxb8 {Unglaublich, dass sich nach 10 Min der Mephisto MM II nun bei ST 08 nur mit -0.22 im Nachteil fühlt.} 29. g5 Kf8 30. Rd1 f6 31. Rxd5 fxg5 {[#]} 32. Rxa5 $18 {Danach ist der Kampf gelaufen. Weiss lässt nichts mehr anbrennen und holt sich den Sieg. Bei noch ST 08, nach 21 MIn (!!), sieht sich der Mephisto MM II mit nur -1.55 im Nachteil. Stockfish 081022 meint indessen +-(5.62).} g4 33. fxg4 fxg4 34. Rf2+ Ke8 35. Ra7 Rb3 36. a4 g3 37. Rf4 Rb1+ 38. Kg2 gxh2 39. Kxh2 Ra1 40. Rxg7 Ra2+ 41. Kg3 Ra3+ 42. Kg4 h5+ 43. Kh4 Bc2 44. Ra7 Ra1 45. Kxh5 Rg1 46. a5 Rc1 47. a6 Ra1 48. Rc4 Bf5 49. Kg5 Bh3 50. Rh4 Rg1+ 51. Kf4 Rf1+ 52. Ke3 Bd7 53. Rh8+ Ke7 54. Rh7+ Kd6 55. Raxd7+ Kc5 56. a7 Rf8 57. Rh5+ Kc6 58. Rf7 Rd8 59. Rh6+ Kc5 60. Rc7+ Kb5 61. Rb7+ Kc4 62. Rb8 Rd3+ {***AUFGEGEBEN***} 1-0